Countries of the World without the Letter "M" on a map - Statistics

General Stats
  • This quiz has been taken 374 times
  • The average score is 119 of 143
Answers on the Map
Answers color-coded by a green-red scale on the quiz's map according to % correct below.
 
Answer Stats
Country % Correct
Canada
95%
United States
95%
Russia
92%
Brazil
91%
China
91%
Finland
91%
Poland
91%
Argentina
90%
Australia
90%
Chile
90%
France
90%
India
90%
Italy
90%
Japan
90%
Portugal
90%
Spain
90%
Sweden
90%
Austria
89%
Bolivia
89%
Cuba
89%
Estonia
89%
Ireland
89%
Norway
89%
Paraguay
89%
Peru
89%
Saudi Arabia
89%
Thailand
89%
Turkey
89%
Ukraine
89%
Uruguay
89%
Greece
88%
Iceland
88%
Indonesia
88%
Iran
88%
Iraq
88%
Latvia
88%
Lithuania
88%
North Korea
88%
South Africa
88%
South Korea
88%
Venezuela
88%
Albania
87%
Belarus
87%
Egypt
87%
Nepal
87%
Syria
87%
Afghanistan
86%
Algeria
86%
Bulgaria
86%
Costa Rica
86%
Croatia
86%
Ecuador
86%
Guyana
86%
Hungary
86%
Kazakhstan
86%
Netherlands
86%
New Zealand
86%
Niger
86%
Pakistan
86%
Philippines
86%
Sudan
86%
Switzerland
86%
Chad
85%
Czech Republic
85%
Georgia
85%
Jordan
85%
Libya
85%
Nigeria
85%
Serbia
85%
Slovakia
85%
Slovenia
85%
Tunisia
85%
Ethiopia
84%
Israel
84%
Bosnia and Herzegovina
83%
Haiti
83%
Kosovo
83%
Laos
83%
South Sudan
83%
Sri Lanka
83%
Taiwan
83%
Azerbaijan
82%
Bangladesh
82%
Belize
82%
Cyprus
82%
Honduras
82%
Kenya
82%
Nicaragua
82%
Papua New Guinea
82%
Tajikistan
82%
Angola
81%
Bhutan
81%
El Salvador
81%
Uzbekistan
81%
Benin
80%
Eritrea
80%
Ghana
80%
Lebanon
80%
Lesotho
80%
Togo
80%
Vatican City
80%
Djibouti
79%
Fiji
79%
Guinea
79%
Kuwait
79%
Kyrgyzstan
79%
Liechtenstein
79%
Tonga
79%
Botswana
78%
Ivory Coast
78%
Qatar
78%
Tanzania
78%
Uganda
78%
Liberia
77%
Palau
77%
Republic of the Congo
77%
Saint Lucia
77%
Senegal
77%
Andorra
76%
Kiribati
76%
Sierra Leone
76%
Tuvalu
76%
Vanuatu
76%
Central African Republic
75%
Guinea-Bissau
75%
Rwanda
75%
Antigua and Barbuda
74%
Cape Verde
74%
Equatorial Guinea
74%
Eswatini
74%
Nauru
74%
Saint Kitts and Nevis
74%
Saint Vincent and the Grenadines
74%
Burkina Faso
73%
Burundi
73%
Gabon
73%
Barbados
71%
Brunei
71%
Seychelles
71%
Singapore
71%
Trinidad and Tobago
71%
Bahrain
70%
Grenada
65%
No matching quizzes found
Score Distribution
Percent of People with Each Score
Percentile by Number Answered
Your Score History
You have not taken this quiz